000 01422nam a2200313 i 4500
700 _aCaird, George Bradford,
_eeditor
_93944
999 _c46633
_d46633
001 768714001
003 CO-MdFUSB
005 20220623062551.0
007 ta
008 160926t1969 enka|||f |||| 00| 0 eng d
020 _a0631113304
040 _aCO-MdFUSB
_bEspañol
_cCO-MdFUSB
_dCO-MdFUSB
_erda
041 _aeng
082 _224
_a226.5
_bC124o
245 1 4 _aThe open heaven :
_bthe revelation of God in the johannine sayings of Jesus
_c/ W.H. Cadman , editado por G. B. Caird
264 1 _aOxford, Inglaterra :
_bBasil Blackwell,
_c[1969]
264 4 _c©1969
300 _a220 páginas
_c; 23 cm
336 _2rdacontent
_atexto
_btxt
337 _2rdamedia
_asin mediación
_bn
338 _2rdacarrier
_avolumen
_bnc
505 _aLa naturaleza de la revelación dada por Jesús - La interpretación del prólogo - El descendente y ascendente Hijo del Hombre - Escatología en el evangelio de San Juan - La gloria de Jesús - El reino de Dios - El trabajo del Padre y del Hijo - El pan de la vida - La hora de Jesús - Las afirmaciones de Jesús - El buen pastor - La resurrección de Lázaro - El lavado de los pies de los discípulos - Salida y regreso - La vid verdadera - La victoria sobre el mundo - La oración de Jesús
563 _aPasta dura
630 0 7 _aBiblia.
_pJuan
942 _cBK
945 _aJTF-925